[Event "AUS-ch"]
[Site "Sydney"]
[Date "1995.??.??"]
[Round "1"]
[White "Wohl, Aleksandar H"]
[Black "Allen, Andrew"]
[Result "1/2-1/2"]
[WhiteElo "2400"]
[BlackElo "2260"]

1.e4 c5 2.Nf3 d6 3.Bb5+ Nd7 4.O-O Nf6 5.Re1 e6 6.c3 Be7 7.d4 O-O 8.e5 Nd5
9.c4 N5b6 10.dxc5 dxc5 11.Nc3 a6 12.Bxd7 Bxd7 13.Qe2 Bc6 14.b3 Qc7 15.Bb2 Rad8
16.Ne4 Nd7 17.Rad1 Bxe4 18.Qxe4 Nb8 19.h4 Nc6 20.Bc3 Rxd1 21.Rxd1 Rd8 22.Rxd8+ Qxd8
23.g3 h5 24.Kg2 Qd7 25.Ne1 Bd8 26.Nd3 Be7 27.Qe3 b6 28.Qe4 g6 29.Nf4 Kf8
30.Nxg6+ fxg6 31.Qxg6 Nd4 32.Qxh5 Qc6+ 33.f3 Nf5 34.Bd2 Kg7 35.Bg5 Qd7 36.g4 Qd3
37.gxf5 Qe2+ 38.Kg3 Qe1+ 39.Kf4 Qd2+ 40.Kg3 Qe1+  1/2-1/2

[Event "AUS-ch"]
[Site "Sydney"]
[Date "1995.??.??"]
[Round "1"]
[White "Fuller, Maxwell L"]
[Black "Gluzman, Mikhail"]
[Result "0-1"]
[WhiteElo "2275"]
[BlackElo "2430"]

1.e4 c5 2.Nf3 d6 3.Bb5+ Nc6 4.O-O e5 5.c3 Bg4 6.h3 Bxf3 7.Qxf3 Nf6 8.d3 Be7
9.Nd2 O-O 10.Re1 Ne8 11.Nf1 Bg5 12.Ne3 g6 13.g3 Ng7 14.h4 Bh6 15.Nd5 Bxc1
16.Nf6+ Kh8 17.Raxc1 Ne6 18.Bxc6 bxc6 19.Ng4 f5 20.exf5 gxf5 21.Nxe5 dxe5
22.Rxe5 Ng7 23.Rxc5 f4 24.g4 Rc8 25.Re1 Qd6 26.d4 Rc7 27.Rce5 c5 28.dxc5 Rxc5
29.Rxc5 Qxc5 30.Re4 Qc6 31.Qd3 f3 32.Rc4 Qh6 33.g5 Qe6 34.Qe4 Qf7 35.Rb4 Re8
36.Rb7 Qf8 37.Qd4 Kg8 38.Qd5+ Ne6 39.Rb4 Kh8 40.Qe5+ Ng7 41.Rf4 Qg8 42.Qf6 Re6
43.Qd4 Re1+ 44.Kh2 Qb8 45.Qb4 Qxb4 46.Rxb4 Nh5 47.Kh3 Rg1 48.Re4 Kg7 49.Re3 Nf4+
50.Kh2 Rg2+ 51.Kh1 Rxf2 52.Kg1 Nh3+ 53.Kh1 Kg6  0-1

[Event "Tel Aviv ASA"]
[Site "Tel Aviv"]
[Date "1995.??.??"]
[Round "3"]
[White "Golod, Vitali"]
[Black "Har Zvi, Ronen"]
[Result "1/2-1/2"]
[WhiteElo "2545"]
[BlackElo "2500"]

1.e4 c5 2.Nf3 d6 3.Bb5+ Bd7 4.Bxd7+ Qxd7 5.O-O Nc6 6.c3 Nf6 7.d4 Nxe4 8.d5 Ne5
9.Nxe5 dxe5 10.Re1 Nd6 11.Rxe5 g6 12.Bg5 Nf5 13.c4 Bg7 14.Re2 h6 15.Bf4 Nd4
16.Re1 O-O 17.Be5 b5  1/2-1/2

[Event "Czerniak mem"]
[Site "Tel Aviv"]
[Date "1995.??.??"]
[Round "5"]
[White "Boim, Inon"]
[Black "Olesen, Martin"]
[Result "0-1"]
[WhiteElo "2365"]
[BlackElo "2340"]

1.e4 c5 2.Nf3 d6 3.Bb5+ Nd7 4.O-O Nf6 5.Re1 a6 6.Bxd7+ Nxd7 7.b3 e5 8.c3 g6
9.d4 Bg7 10.dxe5 Nxe5 11.Nxe5 Bxe5 12.f4 Bg7 13.Qc2 O-O 14.Bb2 Qf6 15.Rf1 b5
16.Nd2 Bb7 17.Rab1 Qe7 18.Rbe1 Rfe8 19.c4 f5 20.e5 Qd7 21.Nf3 Rad8 22.Rd1 Be4
23.Qd2 d5 24.b4 bxc4 25.bxc5 Bf8 26.Qc3 Bxf3 27.e6 Qg7 28.Qxf3 Bxc5+ 29.Kh1 Qxb2
30.Rxd5 Rxd5 31.Qxd5 Qd4 32.Qc6 Re7 33.h4 c3 34.h5 gxh5 35.Qxa6 c2 36.Qe2 Qb2
37.Qc4 Ba3 38.Kh2 c1=Q 39.Rxc1 Qxc1 40.Qd4 Qc5 41.Qf6 Qd5  0-1

[Event "Terrasa op"]
[Site "Terrasa"]
[Date "1995.??.??"]
[Round "2"]
[White "Bravo, Narciso"]
[Black "Vera, Reynaldo"]
[Result "1/2-1/2"]
[WhiteElo "2270"]
[BlackElo "2495"]

1.e4 c5 2.Nf3 d6 3.Bb5+ Nd7 4.O-O Nf6 5.Re1 a6 6.Bf1 b6 7.c3 Bb7 8.d3 e6
9.Nbd2 Be7 10.g3 O-O 11.Bg2 Qc7 12.b3 Rfe8 13.Bb2 Rac8 14.Nf1 b5 15.c4 Bc6
16.Ne3 h6 17.h3 Rb8 18.Rb1 bxc4 19.Nxc4 d5 20.Nce5 Ba8 21.exd5 exd5 22.Nxd7 Nxd7  1/2-1/2

[Event "JUG-chT"]
[Site "Tivat"]
[Date "1995.??.??"]
[Round "2"]
[White "Rublevsky, Sergei"]
[Black "Maksimenko, Andrei"]
[Result "0-1"]
[WhiteElo "2595"]
[BlackElo "2550"]

1.e4 c5 2.Nf3 d6 3.Bb5+ Bd7 4.Bxd7+ Nxd7 5.O-O Ngf6 6.Qe2 Rc8 7.c4 g6 8.Nc3 Bg7
9.d4 cxd4 10.Nxd4 a6 11.Bd2 O-O 12.Rac1 e6 13.Rfd1 Re8 14.Nf3 d5 15.Bg5 Qa5
16.e5 Ng4 17.cxd5 Ngxe5 18.Nd4 h6 19.Nb3 Qb4 20.Be3 exd5 21.Nxd5 Qf8 22.Na5 Rxc1
23.Rxc1 Qd6 24.Bd4 b5 25.h3  0-1

[Event "JUG-chT"]
[Site "Tivat"]
[Date "1995.??.??"]
[Round "2"]
[White "Nevednichy, Vladislav"]
[Black "Sakaev, Konstantin"]
[Result "1/2-1/2"]
[WhiteElo "2480"]
[BlackElo "2570"]

1.e4 c5 2.Nf3 d6 3.Bb5+ Bd7 4.Bxd7+ Qxd7 5.c4 Nc6 6.Nc3 Nf6 7.O-O Nd4 8.Nxd4 cxd4
9.Nb5 Nxe4 10.Nxd4 Nf6 11.d3 g6 12.b3 Bg7 13.Bb2 O-O 14.Qe2 Rac8  1/2-1/2

[Event "JUG-chT"]
[Site "Tivat"]
[Date "1995.??.??"]
[Round "6"]
[White "Rublevsky, Sergei"]
[Black "Sakaev, Konstantin"]
[Result "1/2-1/2"]
[WhiteElo "2595"]
[BlackElo "2570"]

1.e4 c5 2.Nf3 d6 3.Bb5+ Bd7 4.Bxd7+ Qxd7 5.c4 Nc6 6.Nc3 Nf6 7.O-O Nd4 8.Nxd4 cxd4
9.Nb5 Nxe4 10.Re1 Nc5 11.Nxd4 Nd3 12.Re3 Nxc1 13.Rxc1 g6 14.Qf3 Bg7 15.Rce1 Be5
16.Nb5 a6 17.d4 axb5 18.dxe5 O-O 19.exd6 Qxd6 20.cxb5 Rxa2 21.Qxb7 Rb8 22.Qxe7  1/2-1/2

[Event "JUG-chT"]
[Site "Tivat"]
[Date "1995.??.??"]
[Round "7"]
[White "Ristic, Nenad"]
[Black "Grujic, Zoran"]
[Result "1-0"]
[WhiteElo "2400"]
[BlackElo "2305"]

1.e4 c5 2.Nf3 d6 3.Bb5+ Bd7 4.Bxd7+ Nxd7 5.O-O Ngf6 6.Qe2 e6 7.c3 Be7 8.d4 O-O
9.e5 Ne8 10.exd6 Nxd6 11.Rd1 Qc8 12.d5 Nb6 13.dxe6 Qxe6 14.Qxe6 fxe6 15.Re1 Kf7
16.Ne5+ Kf6 17.Nd2 Rad8 18.Nd3 Nd7 19.Nf3 Nf7 20.Nf4 e5 21.Nd5+ Ke6 22.c4 Bd6
23.Bg5 Nf6 24.Rad1 Rd7 25.h3 Nd8 26.Nf4+ Kf7 27.Rxe5 Kg8 28.Rde1 h6 29.Bxf6 Rxf6
30.Nd5 Rf8 31.Nc3 Nc6 32.Rd5 Nb4 33.Rdd1 Rfd8 34.a3 Nc6 35.Kf1 Na5 36.Re4 Bf8
37.Rxd7 Rxd7 38.Ke2 Nb3 39.Nd5 b5 40.Ne3 Nc1+ 41.Kf1 Nd3 42.cxb5 Nxb2 43.g4 Rd3
44.Re8 Rd7 45.Ne5 Rb7 46.Rc8 Na4 47.N3c4  1-0

[Event "JUG-chT"]
[Site "Tivat"]
[Date "1995.??.??"]
[Round "7"]
[White "Djuric, Stefan"]
[Black "Popovic, Petar"]
[Result "1/2-1/2"]
[WhiteElo "2470"]
[BlackElo "2555"]

1.e4 c5 2.Nf3 d6 3.Bb5+ Bd7 4.Bxd7+ Nxd7 5.O-O Ngf6 6.Re1 e6 7.c3 Be7 8.d4 cxd4
9.cxd4 d5 10.e5 Ne4 11.Nbd2 Nxd2 12.Bxd2 O-O 13.Rc1 Qb6  1/2-1/2

[Event "FRA-chB"]
[Site "Toulouse"]
[Date "1995.??.??"]
[Round "2"]
[White "Denoyelle, Arnaud"]
[Black "Sermier, Guillaume"]
[Result "0-1"]
[WhiteElo "2210"]
[BlackElo "2280"]

1.e4 c5 2.Nf3 d6 3.Bb5+ Nd7 4.d4 cxd4 5.Qxd4 a6 6.Bxd7+ Bxd7 7.c4 Nf6 8.Bg5 e6
9.Nc3 Be7 10.O-O Qc7 11.Rac1 Rc8 12.b3 O-O 13.Qd3 Rfd8 14.Nd4 d5 15.e5 Qxe5
16.f4 Qd6 17.cxd5 Nxd5 18.Bxe7 Nxe7 19.Rcd1 Be8 20.Rf3 Qb6 21.Ne2 Bb5  0-1

[Event "FRA-chB"]
[Site "Toulouse"]
[Date "1995.??.??"]
[Round "6"]
[White "Boudenne, Jean"]
[Black "Olivier, Pierre"]
[Result "1-0"]
[WhiteElo "2270"]
[BlackElo "2290"]

1.e4 c5 2.Nf3 d6 3.Bb5+ Bd7 4.Bxd7+ Qxd7 5.O-O Nc6 6.b3 Nf6 7.Re1 g6 8.Bb2 Bg7
9.Nc3 O-O 10.Nd5 Nxd5 11.Bxg7 Ne3 12.Rxe3 Kxg7 13.d4 cxd4 14.Nxd4 Rfc8 15.Rh3 Nxd4
16.Qxd4+ Kg8 17.c3 Qb5 18.c4 Qc5 19.Qd2 Qe5 20.Re1 Rc5 21.f4 Qf6 22.Rf3 Rac8
23.e5 dxe5 24.fxe5 Qe6 25.Qd4 f5 26.Rd3 R8c7 27.h4 Kg7 28.h5 g5 29.Rf3 b5
30.Ref1 f4 31.g3 Qxe5 32.Qd8 Qd6 33.h6+ Qxh6 34.gxf4 g4 35.Rg3 Qh4 36.Qd4+ Kf7
37.Kg2 Rh5 38.Rg1 e5 39.Qd5+ Kg7 40.Kf1 Rg5 41.fxg5 Rf7+ 42.Ke2  1-0

[Event "FRA-ch (Women)"]
[Site "Toulouse"]
[Date "1995.??.??"]
[Round "8"]
[White "Joanovits, Marion"]
[Black "Gatine, Aurelia"]
[Result "0-1"]
[WhiteElo "1920"]
[BlackElo "2045"]

1.e4 c5 2.Nf3 d6 3.Bb5+ Bd7 4.Bxd7+ Qxd7 5.c4 Nc6 6.Nc3 e6 7.O-O Nge7 8.d3 g6
9.Bg5 Bg7 10.Qd2 O-O 11.Rab1 d5 12.Rfe1 dxc4 13.dxc4 Qxd2 14.Bxd2 Nd4 15.Ng5 h6
16.Nh3 Nec6 17.Red1 Rad8 18.f3 Rd7 19.Nf2 Rfd8 20.Bf4 Na5 21.b3 g5 22.Be3 Nc2
23.Rxd7 Rxd7 24.Ncd1 Nxe3 25.Nxe3 Rd2 26.Kf1 Rxa2 27.b4 cxb4 28.Rxb4 Bd4
29.Nfd1 b6 30.Rb1 Ra4 31.Rc1 Nb3 32.Rc2 Ra1 33.Ke2  0-1

[Event "FRA-chB"]
[Site "Toulouse"]
[Date "1995.??.??"]
[Round "9"]
[White "Parmentier, Xavier"]
[Black "Louis, Peter"]
[Result "1-0"]
[WhiteElo "2260"]
[BlackElo "2055"]

1.e4 c5 2.Nf3 d6 3.Bb5+ Nd7 4.c3 Nf6 5.Qe2 a6 6.Ba4 b5 7.Bc2 e5 8.O-O g6
9.d4 Bg7 10.a4 Rb8 11.Na3 Qb6 12.dxe5 Nxe5 13.Nxe5 dxe5 14.axb5 axb5 15.c4 b4
16.Ba4+ Bd7 17.Bxd7+ Nxd7 18.Nb5 O-O 19.Rd1 Nf6 20.Rd6 Qb7 21.f3 Ra8 22.Rxa8 Rxa8
23.Qd1 Ne8 24.Rd8 Bf6 25.Rd7 Qc6 26.Na7 Qe6 27.b3 Kg7 28.Be3 Be7 29.Qd5 Kf6
30.h4 Qxd5 31.cxd5 Bf8 32.Kf1 h6 33.Ke2 g5 34.hxg5+ hxg5 35.Kd3 Kg6 36.g4 Kf6
37.Kc2 Rb8 38.Nc6 Rb6 39.Nd8 Be7  1-0

[Event "Travemuende op"]
[Site "Travemuende"]
[Date "1995.??.??"]
[Round "7"]
[White "Kengis, Edvins"]
[Black "Mowsziszian, Karen"]
[Result "1/2-1/2"]
[WhiteElo "2575"]
[BlackElo "2470"]

1.e4 c5 2.Nf3 d6 3.Bb5+ Bd7 4.Bxd7+ Qxd7 5.O-O Nc6 6.c3 Nf6 7.Re1 e5 8.d4 cxd4
9.cxd4 Be7 10.dxe5 dxe5 11.Qxd7+  1/2-1/2

[Event "Trelew Clarin-GP"]
[Site "Trelew"]
[Date "1995.??.??"]
[Round "6"]
[White "Gomez Baillo, Jorge H"]
[Black "Llanos, Guillermo"]
[Result "1/2-1/2"]
[WhiteElo "2420"]
[BlackElo "2405"]

1.e4 c5 2.Nf3 d6 3.Bb5+ Nd7 4.d4 Nf6 5.Qe2 cxd4 6.Nxd4 a6 7.Bxd7+ Bxd7 8.c4 Qb6
9.Nc2 g6 10.b3 Bg7 11.Bb2 O-O 12.O-O Rfc8 13.Nc3 Be6 14.Rab1  1/2-1/2

[Event "American op"]
[Site "USA"]
[Date "1995.??.??"]
[Round "6"]
[White "Kerman, David J"]
[Black "Sandager, Stephen"]
[Result "1-0"]
[WhiteElo "2240"]
[BlackElo "2230"]

1.e4 c5 2.Nf3 d6 3.Bb5+ Bd7 4.Bxd7+ Qxd7 5.O-O Nc6 6.c3 Nf6 7.Qe2 e6 8.d4 cxd4
9.cxd4 Be7 10.Nc3 O-O 11.Rd1 Rfe8 12.Bg5 h6 13.Bxf6 Bxf6 14.e5 Be7 15.Ne4 d5
16.Ned2 Rac8 17.Nb3 Qc7 18.Rac1 Qb6 19.Rc3 a5 20.a4 Bb4 21.Rcc1 Ne7 22.h3 Rxc1
23.Rxc1 Rc8 24.Qd3 Rxc1+ 25.Nxc1 Qc6 26.Qd1 Qc4 27.b3 Qc3 28.Na2 Qb2 29.Nxb4 axb4
30.Qd3 Nc6 31.Kf1 Qc1+ 32.Ke2 Qb2+ 33.Ke3 Ne7 34.g4 Nc6 35.Nd2 Qa1 36.Nf3 Qc1+
37.Ke2 Qb2+ 38.Kf1 Kh8 39.Kg2 Qc3 40.Qe3 Na5 41.Nd2 Qc2 42.h4 Kg8 43.h5 Nc4
44.bxc4 dxc4 45.g5 c3 46.Ne4 hxg5 47.Kg3 Qxa4 48.Qxg5 Kf8 49.h6 gxh6 50.Qxh6+ Ke8
51.Qh8+ Ke7 52.Qf6+ Kf8 53.Nd6 Qd7 54.Qh8+ Ke7 55.Nc8+  1-0

[Event "American op"]
[Site "USA"]
[Date "1995.??.??"]
[Round "7"]
[White "Duckworth, William  Mark"]
[Black "Donaldson, John W"]
[Result "1/2-1/2"]
[WhiteElo "2330"]
[BlackElo "2420"]

1.e4 c5 2.Nf3 d6 3.Bb5+ Bd7 4.Bxd7+ Nxd7 5.O-O Ngf6 6.Re1 e6 7.c3 Be7 8.d4 cxd4
9.cxd4 d5 10.e5 Ne4 11.Nbd2 Nxd2 12.Bxd2 O-O 13.Qb3 Qb6 14.Qxb6 Nxb6 15.Rac1 Nc4
16.Bg5 Bxg5 17.Nxg5 Rac8 18.Rc2 Rc6 19.Rce2 h6 20.Nf3 Rfc8 21.h4 Kf8 22.h5 Ke7
23.g4 Ra6 24.Ra1 Na5 25.Rd1 Rc4 26.b3 Rc3 27.Kg2 Nc6 28.Ne1 Nb4 29.Rdd2 Rac6
30.f4 a5 31.Rf2 Re3 32.Rfe2 Rxe2+ 33.Rxe2 Rc1 34.Kf2 Rd1 35.Ke3 Nxa2 36.Rxa2 Rxe1+
37.Kf3 Rb1 38.Rxa5 Rxb3+ 39.Kf2 Rb4 40.Ke3 Rb3+ 41.Kf2 f6 42.Ra8 fxe5 43.dxe5 Rb2+  1/2-1/2

[Event "Velden op"]
[Site "Velden"]
[Date "1995.??.??"]
[Round "2"]
[White "Kuba, Guenter"]
[Black "Wittmann, Walter"]
[Result "1-0"]
[WhiteElo "2150"]
[BlackElo "2380"]

1.e4 c5 2.Nf3 d6 3.Bb5+ Bd7 4.Bxd7+ Qxd7 5.O-O Nc6 6.c3 Nf6 7.Qe2 e6 8.Rd1 Be7
9.Na3 O-O 10.Nc2 Rac8 11.d4 cxd4 12.Ncxd4 Nxd4 13.Nxd4 a6 14.a4 Qc7 15.Bg5 Rfd8
16.Rac1 Qa5 17.Bxf6 Bxf6 18.Qc2 h6 19.Qb3 Qc5 20.Rb1 Rc7 21.Nf3 Rcd7 22.h3 Qc6
23.Qc2 g6 24.Rd2 b5 25.axb5 axb5 26.Rbd1 Qb7 27.Qb3 Bg7 28.Qb4 Bf8 29.Qd4 Rc8
30.Qe3 b4 31.cxb4 Qxb4 32.Ne5 Rdc7 33.Ng4 h5 34.Nf6+ Kh8 35.Rxd6 Qxb2 36.Rd8 Rxd8
37.Rxd8 Qc1+ 38.Kh2 Qxe3 39.fxe3 Rc2 40.Rxf8+ Kg7 41.Nd7 Rd2 42.Rd8 e5 43.h4 Rd1
44.Kg3 Rd2 45.Kf3 Rd1 46.Ke2 Rd6 47.g3  1-0

[Event "ITA-ch"]
[Site "Verona"]
[Date "1995.??.??"]
[Round "9"]
[White "Tatai, Stefano"]
[Black "Marinelli, Tullio"]
[Result "1/2-1/2"]
[WhiteElo "2435"]
[BlackElo "2440"]

1.e4 c5 2.Nf3 d6 3.Bb5+ Bd7 4.Bxd7+ Nxd7 5.O-O Ngf6 6.Re1 g6 7.d3 Bg7 8.c3 O-O
9.h3 b5 10.a4 a6 11.Nbd2 Qb6 12.Qe2 Rab8 13.Nf1 Qc6 14.Ng3 Rfd8 15.d4 cxd4
16.axb5 axb5 17.cxd4 e6 18.Bf4 Ra8 19.d5 exd5  1/2-1/2

[Event "Vienna op"]
[Site "Vienna"]
[Date "1995.??.??"]
[Round "2"]
[White "Wiese, Hans Joachim"]
[Black "Robovic, Saudin"]
[Result "0-1"]
[WhiteElo "2235"]
[BlackElo "2410"]

1.e4 c5 2.Nf3 d6 3.Bb5+ Nd7 4.O-O Nf6 5.Nc3 a6 6.Bxd7+ Bxd7 7.d4 cxd4 8.Qxd4 e5
9.Qd3 h6 10.h3 b5 11.a3 Be7 12.Rd1 O-O 13.Nd2 Qc7 14.Nf1 Rfc8 15.Ne3 Be6
16.Qe2 Rab8 17.Qf3 a5 18.Bd2 b4 19.axb4 axb4 20.Ne2 Qb7 21.Ng3 g6 22.Be1 Ra8
23.Rab1 h5 24.Nd5 Bxd5 25.exd5 Rxc2 26.Ne4 Nxe4 27.Qxe4 b3 28.Bc3 Qb5 29.Ra1 Rc8
30.Ra7 Bg5 31.h4 Qb6 32.Rxf7 Kxf7 33.hxg5 Qxf2+ 34.Kh1 Rc4  0-1

[Event "Vienna op"]
[Site "Vienna"]
[Date "1995.??.??"]
[Round "3"]
[White "Berezjuk, Sergej"]
[Black "Wojtkiewicz, Aleksander"]
[Result "1/2-1/2"]
[WhiteElo "2385"]
[BlackElo "2570"]

1.e4 c5 2.Nf3 d6 3.Bb5+ Bd7 4.Bxd7+ Qxd7 5.c4 Nc6 6.Nc3 Nf6 7.O-O e6 8.d4 cxd4
9.Nxd4 Be7 10.Be3 O-O 11.Qe2 Rac8 12.Rac1 Rfd8 13.Rfd1 b6 14.b3 Qb7 15.Nxc6 Qxc6
16.f3 Rd7 17.Bd4 Qb7 18.Rd3 Rcd8 19.Rcd1 Qc6 20.Kh1 Ne8 21.f4 Bf6 22.Bxf6 Nxf6
23.h3 Kf8 24.Qf3 h6 25.g4 a6 26.a4 Qc5 27.Kg2 Ke7 28.Qe2 Ke8 29.Rg3 Kf8 30.Rgd3 Qc6
31.Qf3 Qc5 32.Qg3 Qb4 33.Qf3 Qc5 34.Kh2 Ke8 35.Kg2 Kf8 36.R1d2 Ke8 37.Rd1 Kf8
38.R1d2 Ke8 39.Kh2 Qa3 40.Kg2 Qc5 41.f5 Qe5 42.Rf2 Re7 43.h4 h5 44.gxh5 Kd7
45.Rfd2 Kc7 46.b4 Red7 47.a5 bxa5 48.b5 axb5 49.Nxb5+ Kc8 50.Rd4 Kb8 51.Ra2 exf5
52.exf5 Re8 53.Nxd6 Rxd6 54.Rb2+ Kc7 55.Qb7+ Kd8 56.Qb6+ Ke7 57.Rxd6 Qxd6
58.Re2+ Kd7 59.Qb7+ Kd8 60.Qa8+ Kd7 61.Qb7+ Kd8 62.Qa8+ Kd7 63.Qa7+ Kc8 64.Qa8+ Kd7
65.Qb7+  1/2-1/2

[Event "CUB-ch sf"]
[Site "Villa Clara"]
[Date "1995.??.??"]
[Round "1"]
[White "Gavilanes, Antonio"]
[Black "Armas, Jorge"]
[Result "0-1"]
[WhiteElo "2275"]
[BlackElo "2425"]

1.e4 c5 2.Nf3 d6 3.Bb5+ Bd7 4.Bxd7+ Nxd7 5.O-O Ngf6 6.Qe2 e6 7.c3 Be7 8.d4 O-O
9.e5 Ne8 10.Rd1 d5 11.Nbd2 c4 12.Nf1 b5 13.g3 b4 14.h4 bxc3 15.bxc3 Qa5 16.Qc2 h6
17.N1h2 Nc7 18.Ng4 Rfb8 19.h5 Bf8 20.Kg2 Rb7 21.Bxh6 gxh6 22.Qd2 Qa3 23.Nxh6+ Bxh6
24.Qxh6 Qf8 25.Qe3 Qg7 26.h6 Qg6 27.h7+ Kh8 28.Rh1 Rf8 29.Rh6 Qf5 30.Rah1 Rb2
31.R1h4 Qd3 32.Qf4 Qe4 33.Qc1 Qe2 34.Qg1 Ne8 35.Ng5 Ng7 36.Rf4 Nf5 37.Rh3 Ne3+
38.Kh1 Rd2 39.Nxf7+ Rxf7 40.Rxf7 Rd1 41.Rxd7 Rxg1+ 42.Kxg1 Qf1+ 43.Kh2 Qg2+  0-1

[Event "CUB-ch sf"]
[Site "Villa Clara"]
[Date "1995.??.??"]
[Round "1"]
[White "Moreno, Alejandro"]
[Black "Fuentes, Luis"]
[Result "1/2-1/2"]
[WhiteElo "2445"]
[BlackElo "2295"]

1.e4 c5 2.Nf3 d6 3.Bb5+ Bd7 4.Bxd7+ Qxd7 5.O-O Nc6 6.c3 Nf6 7.d4 cxd4 8.cxd4 d5
9.e5 Ng8 10.Nc3 e6 11.Be3 Nge7 12.Rc1 Nc8 13.Na4 Be7 14.Nc5 Bxc5 15.Rxc5 Nb6
16.b3 O-O-O 17.a4 Kb8 18.Qd2 Rc8 19.Ne1 Na8 20.Nd3 b6 21.Rcc1 Na5 22.Qb2 Rxc1
23.Rxc1 Rc8 24.Rxc8+ Kxc8 25.Bd2  1/2-1/2

[Event "CUB-ch sf"]
[Site "Villa Clara"]
[Date "1995.??.??"]
[Round "5"]
[White "Hernandez, Amaury"]
[Black "Foyo, Rogelio"]
[Result "0-1"]
[WhiteElo "2205"]
[BlackElo "2260"]

1.e4 c5 2.Nf3 d6 3.Bb5+ Bd7 4.a4 Nf6 5.Nc3 e6 6.d4 cxd4 7.Nxd4 Nc6 8.O-O Be7
9.Be3 O-O 10.Nxc6 Bxc6 11.f3 Qc7 12.Qd2 Rfd8 13.Qf2 d5 14.exd5 Nxd5 15.Nxd5 Rxd5
16.Be2 b6 17.c4 Rd7 18.c5 Bxc5 19.Bxc5 bxc5 20.Qxc5 Rd2 21.Rf2 Rd5 22.Qc2 Qd7
23.Bc4 Rd4 24.b3 Rd8 25.Re1 Qd6 26.Qe2 Qb4 27.Ra1 Bd5 28.Bxd5 R4xd5 29.Qe3 a5
30.Rc1 h6 31.Rc3 Rd1+ 32.Rf1 Rxf1+ 33.Kxf1 Qh4 34.Rd3 Rc8 35.h3 Qb4 36.Kg1 h5
37.f4 h4 38.Qf2 Qe7 39.Qd2 Qf6 40.Rf3 g6 41.Qxa5 Rc1+ 42.Kh2 Qd4  0-1

[Event "CUB-ch sf"]
[Site "Villa Clara"]
[Date "1995.??.??"]
[Round "9"]
[White "Gonzalez, Renier"]
[Black "Cruz Lima, Jose M"]
[Result "1/2-1/2"]
[WhiteElo "2390"]
[BlackElo "2270"]

1.e4 c5 2.Nf3 d6 3.Bb5+ Bd7 4.a4 e6 5.O-O Nf6 6.d3 Be7 7.e5 Nd5 8.Nbd2 dxe5
9.Nxe5 Bxb5 10.axb5 Nd7 11.Nec4 O-O 12.Qf3 Qc7 13.Re1 Nb4 14.Qd1 a6 15.bxa6 b5
16.Ne3 Rfd8 17.Qf3 Ne5 18.Qh5 f5 19.f4 g6 20.Qd1 Nec6 21.Nf3 c4 22.d4 Bf6
23.c3 Nd3 24.Rf1 Na5 25.Ra3 Nb3 26.Bd2 Nxf4 27.Nc2 Nd5 28.Re1 Rd6 29.Bg5 Bg7
30.Bh4 Rdxa6 31.Rxa6 Rxa6 32.Bg3 Qc8 33.h4 Nf6 34.Be5 Ne4 35.Bxg7 Kxg7 36.Qe2 Qa8
37.Ng5 h6 38.Nxe4 Qxe4 39.Qxe4 fxe4 40.Na3 Nd2 41.Re2 b4 42.cxb4 c3 43.bxc3 Rxa3
44.Rxd2 Rxc3  1/2-1/2

[Event "Vladivostok op"]
[Site "Vladivostok"]
[Date "1995.??.??"]
[Round "6"]
[White "Webb, Laurence"]
[Black "Isupov, Vladimir"]
[Result "1-0"]
[WhiteElo "2240"]
[BlackElo "2430"]

1.e4 c5 2.Nf3 d6 3.Bb5+ Nc6 4.Bxc6+ bxc6 5.O-O Bg4 6.h3 Bh5 7.d3 e6 8.Nbd2 Nf6
9.Re1 Nd7 10.b3 Be7 11.Bb2 O-O 12.Nc4 a5 13.a4 d5 14.Nce5 Nxe5 15.Bxe5 f6
16.Bc3 e5 17.Qe2 Qc7 18.Rab1 Rae8 19.g4 Bf7 20.Nh2 Bd6 21.Nf1 Rb8 22.Ng3 g6
23.Kg2 Be6 24.Qf3 Rb7 25.Bd2 Rf7 26.c4 d4 27.Rh1 Qd8 28.Qe2 Rb8 29.h4 Qd7
30.f3 f5 31.gxf5 gxf5 32.Nxf5 Bxf5 33.exf5 Rxf5 34.Qe4 Kh8 35.Rh3 Re8 36.Re1 Rg8+
37.Rg3 Rxg3+ 38.Kxg3 Qg7+ 39.Kf2 Be7 40.Qxf5 Bxh4+ 41.Ke2 Qg2+  1-0

[Event "Vladivostok Zaitsev"]
[Site "Vladivostok"]
[Date "1995.??.??"]
[Round "7"]
[White "Bologan, Viktor"]
[Black "Kravtsov, Sergey"]
[Result "1-0"]
[WhiteElo "2530"]
[BlackElo "2265"]

1.e4 c5 2.Nf3 d6 3.Bb5+ Nc6 4.Bxc6+ bxc6 5.O-O e5 6.c3 Bg4 7.d3 g6 8.Nbd2 Bg7
9.h3 Bxf3 10.Nxf3 Ne7 11.Bg5 O-O 12.Qa4 f6 13.Be3 h6 14.d4 cxd4 15.cxd4 d5
16.dxe5 fxe5 17.Bc5 dxe4 18.Rfd1 Qe8 19.Nd2 e3 20.fxe3 Rf7 21.Nc4 Nc8 22.Rd2 Rb8
23.Rb1 Bf6 24.Bd6 Nb6 25.Nxb6 Rxb6 26.Bc5 Rbb7 27.b3 Kh7 28.Rd6 Rbc7 29.Qe4 Rfd7
30.Rf1 Rxd6 31.Bxd6 Rf7 32.Rc1 Bg5 33.h4 Qd8 34.Rxc6 Bxh4 35.Bxe5 Qd1+ 36.Kh2 Qh5
37.g4 Qg5  1-0

[Event "AUT-ch"]
[Site "Voitsberg"]
[Date "1995.??.??"]
[Round "5"]
[White "Lendwai, Reinhard"]
[Black "Wittmann, Walter"]
[Result "1-0"]
[WhiteElo "2385"]
[BlackElo "2380"]

1.e4 c5 2.Nf3 d6 3.Bb5+ Bd7 4.Bxd7+ Qxd7 5.O-O Nc6 6.c4 g6 7.Nc3 Bg7 8.d3 Nf6
9.h3 O-O 10.Be3 Ne8 11.d4 cxd4 12.Nxd4 Nc7 13.Rc1 Rfc8 14.b3 Ne6 15.Nde2 Qd8
16.Qd2 Qa5 17.Rfd1 Re8 18.Qb2 Rac8 19.a3 Qc7 20.Qa2 b6 21.Nd5 Qb7 22.a4 Nc5
23.Qb1 Nd7 24.f3 Nc5 25.Kf2 Qb8 26.Nec3 Nd7 27.Nb5 Nf6 28.Kg1 Nd7 29.Kh1 Nf6
30.Qd3 Nd7 31.Bf4 Nc5 32.Qe3 Ne5 33.Bg5 f6 34.Bh4 Nf7 35.f4 Qb7 36.Rc2 Nd7
37.f5 Nde5 38.Nd4 a6 39.Qe2 Rb8 40.Bf2 Rec8 41.Rdc1 Nc6 42.Ne6 Bh6 43.Rd1 Qa7
44.Qg4 Nce5 45.Qh4 a5 46.Bd4 Bg7 47.Rc3 Rc6 48.Rf1 Qd7 49.Qf2 Qb7 50.Rg3 Qa7
51.Nxg7 Kxg7 52.fxg6 hxg6 53.Nxf6 exf6 54.Qxf6+ Kh7 55.Rf4 d5 56.Rh4+ Kg8
57.Rxg6+  1-0

[Event "AUT-ch"]
[Site "Voitsberg"]
[Date "1995.??.??"]
[Round "6"]
[White "Weinzettl, Ernst"]
[Black "Hoelzl, Franz"]
[Result "0-1"]
[WhiteElo "2390"]
[BlackElo "2390"]

1.e4 c5 2.Nf3 d6 3.Bb5+ Nc6 4.Bxc6+ bxc6 5.O-O e5 6.Re1 Nf6 7.c3 Bg4 8.d3 Be7
9.Nbd2 Nd7 10.h3 Be6 11.d4 exd4 12.cxd4 O-O 13.Qa4 Qc8 14.Nf1 Re8 15.Bg5 Bf8
16.Ne3 d5 17.exd5 cxd5 18.Qa5 Qb7 19.Re2 Rac8 20.a3 Bf5 21.dxc5 Bxc5 22.Qd2 Be4
23.Nd4 Ne5 24.b4 Bf8 25.Ng4 f6 26.Bh4 Nc4 27.Qe1 Qb6 28.Nf5 Kf7 29.Nfe3 Nxe3
30.Nxe3 d4 31.Nc4 Qb7 32.Na5 Qd5 33.f3 Bf5 34.Rd1 d3 35.Rxe8 Rxe8 36.Qf2 Bd6
37.Qxa7+ Re7 38.Qa6 Qe5 39.f4 Qxf4 40.Qc4+ Kg6 41.Qxf4 Bxf4 42.g4 Be4 43.Nb3 Ra7
44.Nc5 Be3+ 45.Bf2 Bxc5 46.Bxc5 Rxa3 47.Rd2 Kg5 48.Kf2 Kh4 49.Ke3 Bb7 50.Kf4 Bc8
51.Bd6 g5+ 52.Kf3 Bb7+ 53.Ke3 Kxh3 54.Rh2+ Kxg4 55.Rxh7 d2+ 56.Kxd2 Be4 57.Re7 Rd3+
58.Ke2 Rxd6 59.Rxe4+ Kg3 60.b5 f5 61.Re5 Kf4 62.Rc5 g4 63.Rc4+ Kg3 64.Rc6 Rd5
65.Rc3+ Kg2 66.Rb3 f4 67.Rb2 Re5+ 68.Kd3+ Kg3 69.b6 Re8 70.b7 Rb8 71.Ke2 Kg2
72.Ke1+ Kg1 73.Rb4 g3 74.Rb3 Kh2 75.Rb6 f3  0-1

[Event "POL-ch"]
[Site "Warsaw"]
[Date "1995.??.??"]
[Round "2"]
[White "Kuczynski, Robert"]
[Black "Grabarczyk, Bogdan"]
[Result "0-1"]
[WhiteElo "2510"]
[BlackElo "2375"]

1.e4 c5 2.Nf3 d6 3.Bb5+ Nd7 4.O-O a6 5.Bxd7+ Bxd7 6.d4 cxd4 7.Qxd4 Nf6 8.Bg5 h6
9.Bxf6 gxf6 10.Nc3 e6 11.a4 Rc8 12.Nd2 Rg8 13.Nc4 Qc7 14.Ne3 Be7 15.Rfe1 Qc5
16.Qd3 Kf8 17.f4 Bc6 18.Kh1 Bd8 19.Ned5 f5 20.Qh3 Kg7 21.b4 Qc4 22.Ne3 Qxb4
23.exf5 Qxc3 24.fxe6 Qf6 25.exf7 Kxf7 26.Qxc8 Bb6  0-1

[Event "NBG Open Weilburg"]
[Site "Weilburg"]
[Date "1995.??.??"]
[Round "4"]
[White "Margolin, Boris"]
[Black "Zagorskis, Darius"]
[Result "1/2-1/2"]
[WhiteElo "2410"]
[BlackElo "2520"]

1.e4 c5 2.Nf3 d6 3.Bb5+ Bd7 4.Bxd7+ Qxd7 5.c4 Nc6 6.Nc3 Nf6 7.d4 cxd4 8.Nxd4 g6
9.f3 Bg7 10.Be3 Rc8 11.b3 a6 12.Rc1 O-O 13.O-O e6 14.Qd2 Rfd8 15.Rfd1 Qe8
16.Qf2 h6 17.Nde2 Qe7 18.Rd2 Rb8 19.Bb6 Rdc8 20.Rcd1 Bf8 21.Nd4 Ne5 22.Nde2 Nc6
23.Nd4  1/2-1/2

[Event "NBG Open Weilburg"]
[Site "Weilburg"]
[Date "1995.??.??"]
[Round "6"]
[White "Kersten, Uwe"]
[Black "Kengis, Edvins"]
[Result "1/2-1/2"]
[WhiteElo "2320"]
[BlackElo "2565"]

1.e4 c5 2.Nf3 d6 3.Bb5+ Nd7 4.d4 Nf6 5.e5 Qa5+ 6.Nc3 Ne4 7.Bd2 Nxc3 8.Bxd7+ Bxd7
9.Bxc3 Qa6 10.exd6 exd6 11.d5 O-O-O 12.Qd2 Re8+ 13.Kd1 Be7 14.a4 Rhg8 15.Ra3 g5
16.Ne1 g4 17.g3 Rg5 18.Ng2 Rf5 19.Ne3 Bg5 20.Re1 Bxe3 21.fxe3 Qc4 22.Kc1 Rxd5
23.Qe2 Qe4 24.a5 Rf5 25.Bg7 Re6 26.Qd2 Rg6 27.Bf8 Bb5 28.Rd1 Rgf6 29.Bxd6 Rf1
30.Bf4 Rxd1+ 31.Qxd1 h5 32.Rc3 Rf5 33.b4 Rd5 34.Rxc5+ Rxc5 35.bxc5 Qb4 36.Qd6 Qe1+
37.Kb2 Qb4+ 38.Kc1 Qe1+ 39.Kb2 Qb4+  1/2-1/2

[Event "NBG Open Weilburg"]
[Site "Weilburg"]
[Date "1995.??.??"]
[Round "8"]
[White "Margolin, Boris"]
[Black "Gutman, Lev"]
[Result "0-1"]
[WhiteElo "2410"]
[BlackElo "2470"]

1.e4 c5 2.Nf3 d6 3.Bb5+ Nc6 4.O-O Nf6 5.Re1 Bd7 6.h3 a6 7.Bf1 Nd4 8.Nxd4 cxd4
9.c3 Bc6 10.d3 dxc3 11.Nxc3 e6 12.Qb3 Be7 13.Be3 O-O 14.Bb6 Qb8 15.Rad1 d5
16.Bd4 Rd8 17.e5 Nd7 18.Qc2 Rf8 19.Qe2 Qc7 20.g3 b5 21.Qe3 b4 22.Ne2 Qa5
23.h4 Ba4 24.Rc1 Bb5 25.Qd2 Nb8 26.b3 Nc6 27.Ba1 Qb6 28.Nf4 Rfc8 29.Bg2 Qd8
30.Qe3 a5 31.Nh5 a4 32.Bb2 axb3 33.axb3 Ra2 34.Rb1 Na5 35.Bd4 Rcc2 36.Qf3 Nc6
37.Qg4 g6 38.Nf6+ Bxf6 39.exf6 Nxd4 40.Qxd4 Rxf2 41.Bh3 Qxf6  0-1